<?xml version="1.0" encoding="UTF-8"?>
<record
    xmlns:xsi="http://www.w3.org/2001/XMLSchema-instance"
    xsi:schemaLocation="http://www.loc.gov/MARC21/slim http://www.loc.gov/standards/marcxml/schema/MARC21slim.xsd"
    xmlns="http://www.loc.gov/MARC21/slim">

  <leader>00995nam a22002297a 4500</leader>
  <controlfield tag="008">110731t        xxu||||| |||| 00| 0 ara d</controlfield>
  <datafield tag="082" ind1=" " ind2=" ">
    <subfield code="2">22</subfield>
    <subfield code="a">613</subfield>
    <subfield code="b">&#x643; &#x628; &#x629;</subfield>
  </datafield>
  <datafield tag="100" ind1="1" ind2=" ">
    <subfield code="9">26510</subfield>
    <subfield code="a">&#x643;&#x628;&#x629; &#x60C; &#x62C;&#x648;&#x632;&#x64A;&#x641; &#x639;&#x628;&#x648;&#x62F;</subfield>
  </datafield>
  <datafield tag="245" ind1=" " ind2=" ">
    <subfield code="a">&#x627;&#x644;&#x635;&#x62D;&#x629; &#x62A;&#x627;&#x62C;&#x643; :</subfield>
    <subfield code="b">&#x62D;&#x627;&#x641;&#x638;&#x64A; &#x639;&#x644;&#x64A;&#x647; /</subfield>
    <subfield code="c">&#x62C;&#x648;&#x632;&#x64A;&#x641; &#x639;&#x628;&#x648;&#x62F; &#x643;&#x628;&#x629; &#x61B; &#x625;&#x62E;&#x631;&#x627;&#x62C; &#x648;&#x631;&#x633;&#x648;&#x645; &#x639;&#x628;&#x62F; &#x627;&#x644;&#x642;&#x627;&#x62F;&#x631; &#x639;&#x628;&#x62F; &#x627;&#x644;&#x644;&#x64A;</subfield>
  </datafield>
  <datafield tag="260" ind1=" " ind2=" ">
    <subfield code="a">&#x62D;&#x644;&#x628; :</subfield>
    <subfield code="b">&#x62F;&#x627;&#x631; &#x627;&#x644;&#x634;&#x631;&#x642; &#x627;&#x644;&#x639;&#x631;&#x628;&#x64A; &#x60C;</subfield>
    <subfield code="c">[&#x62F; . &#x62A;].</subfield>
  </datafield>
  <datafield tag="300" ind1=" " ind2=" ">
    <subfield code="a">374 &#x635; :</subfield>
    <subfield code="b">&#x627;&#x64A;&#x636; &#x61B;</subfield>
    <subfield code="c">24 &#x633;&#x645;.</subfield>
  </datafield>
  <datafield tag="650" ind1=" " ind2=" ">
    <subfield code="9">17153</subfield>
    <subfield code="a">&#x627;&#x644;&#x635;&#x62D;&#x629; &#x627;&#x644;&#x639;&#x627;&#x645;&#x629;</subfield>
  </datafield>
  <datafield tag="650" ind1=" " ind2=" ">
    <subfield code="9">21978</subfield>
    <subfield code="a">&#x627;&#x644;&#x635;&#x62D;&#x629; &#x627;&#x644;&#x648;&#x642;&#x627;&#x626;&#x64A;&#x629;</subfield>
  </datafield>
  <datafield tag="650" ind1=" " ind2=" ">
    <subfield code="9">8531</subfield>
    <subfield code="a">&#x627;&#x644;&#x631;&#x639;&#x627;&#x64A;&#x629; &#x627;&#x644;&#x635;&#x62D;&#x64A;&#x629;</subfield>
  </datafield>
  <datafield tag="650" ind1=" " ind2=" ">
    <subfield code="9">13639</subfield>
    <subfield code="a">&#x627;&#x644;&#x62A;&#x63A;&#x630;&#x64A;&#x629;</subfield>
  </datafield>
  <datafield tag="650" ind1=" " ind2=" ">
    <subfield code="9">21703</subfield>
    <subfield code="a">&#x627;&#x644;&#x639;&#x644;&#x627;&#x62C;</subfield>
  </datafield>
  <datafield tag="650" ind1=" " ind2=" ">
    <subfield code="9">26528</subfield>
    <subfield code="a">&#x627;&#x644;&#x648;&#x639;&#x649; &#x627;&#x644;&#x635;&#x62D;&#x64A;</subfield>
  </datafield>
  <datafield tag="650" ind1=" " ind2=" ">
    <subfield code="9">26527</subfield>
    <subfield code="a">&#x627;&#x644;&#x639;&#x646;&#x627;&#x64A;&#x629; &#x627;&#x644;&#x635;&#x62D;&#x64A;&#x629;</subfield>
  </datafield>
  <datafield tag="653" ind1=" " ind2=" ">
    <subfield code="b">General</subfield>
    <subfield code="c">July2011</subfield>
  </datafield>
  <datafield tag="942" ind1=" " ind2=" ">
    <subfield code="2">ddc</subfield>
    <subfield code="c">BB</subfield>
  </datafield>
  <datafield tag="999" ind1=" " ind2=" ">
    <subfield code="c">15765</subfield>
    <subfield code="d">15765</subfield>
  </datafield>
  <datafield tag="952" ind1=" " ind2=" ">
    <subfield code="0">0</subfield>
    <subfield code="1">0</subfield>
    <subfield code="2">ddc</subfield>
    <subfield code="4">0</subfield>
    <subfield code="7">0</subfield>
    <subfield code="8">Alef-Baa</subfield>
    <subfield code="a">MAIN</subfield>
    <subfield code="b">MAIN</subfield>
    <subfield code="c">1ST</subfield>
    <subfield code="d">2011-07-31</subfield>
    <subfield code="e">purchase</subfield>
    <subfield code="o">613 &#x643; &#x628; &#x629;</subfield>
    <subfield code="p">000023953</subfield>
    <subfield code="r">2025-07-15 00:00:00</subfield>
    <subfield code="y">BB</subfield>
  </datafield>
</record>
